书目信息 |
| 题名: |
此生多珍重
|
|
| 作者: | 丰子恺 著 | |
| 分册: | ||
| 出版信息: | 成都 天地出版社 2017 |
|
| 页数: | 248页 | |
| 开本: | 22cm | |
| 丛书名: | ||
| 单 册: | ||
| 中图分类: | I267 , J228.2 | |
| 科图分类: | ||
| 主题词: | 散文集--中国--当代 , 漫画--作品集--中国--现代 | |
| 电子资源: | ||
| ISBN: | 978-7-5455-2822-0 | |
| 000 | 01367nam0 2200277 450 | |
| 001 | 012001000129 | |
| 005 | 20140920091301.0 | |
| 010 | @a978-7-5455-2822-0@b精装@dCNY49.80 | |
| 100 | @a20170905d2017 em y0chiy50 ea | |
| 101 | 0 | @achi |
| 102 | @aCN@b510000 | |
| 105 | @aa z 000cy | |
| 106 | @ar | |
| 200 | 1 | @a此生多珍重@9Ci Sheng Duo Zhen Zhong@e丰子恺散文漫画精选集@f丰子恺著 |
| 210 | @a成都@c天地出版社@d2017 | |
| 215 | @a248页@c彩图@d22cm | |
| 314 | @a丰子恺,画家、散文家,卓有成就的文艺大师。师从弘一法师,学贯中西。朱自清、郁达夫、巴金、叶圣陶、林清玄,对其文章和漫画赞誉有加。日本汉学家吉川幸次郎则说,丰子恺是*中国的中国人。他的散文兼有平易纯朴之风、宽仁隽永之意和童真天然之趣,是现代文学中备受推崇的佳品,多次被选入学生教材,作语文教育典范。漫画幽默风趣,流传广泛,深受人们的喜爱,争相收藏。 | |
| 330 | @a丰子恺散文漫画精品集,全彩印珍贵藏本,女儿丰一吟授权版本,值得珍藏一生的艺术精华。特别收录《送阿宝出黄金时代》《学画回忆》《怀李叔同先生》等40篇深情经典佳作,举重若轻,感人肺腑。漫画原版复制,典雅可爱,采用特种纸印刷,色彩雅致,触感温润,可堪赏玩。 | |
| 517 | 1 | @a丰子恺散文漫画精选集@9Feng Zi Kai San Wen Man Hua Jing Xuan Ji |
| 606 | 0 | @a散文集@y中国@z当代 |
| 606 | 0 | @a漫画@x作品集@y中国@z现代 |
| 690 | @aI267@v5 | |
| 690 | @aJ228.2@v5 | |
| 701 | 0 | @a丰子恺@9Feng Zi Kai@4著 |
| 801 | 0 | @aCN@b上海新华@c20180901 |
| 905 | @b1040634-38@dI267@e3024@f5 | |
| 此生多珍重:丰子恺散文漫画精选集/丰子恺著.-成都:天地出版社,2017 |
| 248页:彩图;22cm |
| ISBN 978-7-5455-2822-0(精装):CNY49.80 |
| 丰子恺散文漫画精品集,全彩印珍贵藏本,女儿丰一吟授权版本,值得珍藏一生的艺术精华。特别收录《送阿宝出黄金时代》《学画回忆》《怀李叔同先生》等40篇深情经典佳作,举重若轻,感人肺腑。漫画原版复制,典雅可爱,采用特种纸印刷,色彩雅致,触感温润,可堪赏玩。 |
| ● |
| 相关链接 |
|
|
|
|
正题名:此生多珍重
索取号:I267/3024
 
预约/预借
| 序号 | 登录号 | 条形码 | 馆藏地/架位号 | 状态 | 备注 |
| 1 | 1040634 | 210406345 | 第一样本阅览室/ [索取号:I267/3024] | 在馆 | |
| 2 | 1040635 | 210406354 | 第二借阅区/ [索取号:I267/3024] | 在馆 | |
| 3 | 1040636 | 210406363 | 密集书库-文学院/ [索取号:I267/3024] | 在馆 | |
| 4 | 1040637 | 210406372 | 第二借阅区/ [索取号:I267/3024] | 在馆 | |
| 5 | 1040638 | 210406381 | 第二借阅区/ [索取号:I267/3024] | 在馆 |